000 00263nam a22001217a 4500
008 181123b xxu||||| |||| 00| 0 eng d
041 _aeng
080 _a043.3
100 _a0
101 _aBTH-MEK
245 _aRoleta Automatike
_cHaxhijaj, Q
942 _2udc
_cBK
999 _c52461
_d52461